01887nam a22002417a 4500003000400000005001700004008004100021020001800062040002100080041000800101082001900109100003900128245005800167250002200225260003500247300007700282505007000359520107800429650004001507650002701547650003501574650003601609OSt20221012150757.0130821s2009 ck abo gr 0dspa  a9789587049237 aCO-JMCRcCO-JMCR0 aspa04a928.6 /bF118t1 aAbad Faciolince, Héctor, eautor10aTraiciones de la memoria / cHéctor Abad Faciolince aPrimera edición aBogotá : bAlfaguara, c2009 a265 páginas : bilustraciones, fotografías y mapa a color ; c24 cm.0 aUn poema en el bolsillo. -- Un camino equivocado. -- Ex futuros. 3 a"Cuando uno sufre de esa forma tan peculiar de la brutalidad que es la mala memoria, el pasado tiene una consistencia casi tan irreal como el futuro. Bajo esta premisa están escritos los tres relatos que componen Traiciones de la memoria. Después de la lectura de estos textos -un híbrido de cuento, ensayo y autobiografía- nos queda la extraña sensación de que lo que fue y lo que vendrá no se completa nunca del todo, salvo en las palabras que intentan apresarlo. El primer relato es la reconstrucción minuciosa y precisa del origen de un soneto hallado en el bolsillo de un muerto. La segunda cuenta las venturas y desventuras de un exiliado colombiano en Turín. El último trata de indagar no en lo que hemos llegado a ser efectivamente, sino en lo que pudimos llegar a ser si en un momento de la vida hubiéramos tomado otro camino. Una memoria solamente es confiable cuando es imperfecta, y una aproximación a la precaria verdad humana se construye solamente con la suma de los recuerdos imprecisos, unidos a la resta de los distintos olvidos".14aBiografías Escritores colombianos24aBiografíasySiglo xx24aEnsayos colombianos ySiglo xx24aLiteratura colombianaySiglo xx